000 00608nam a2200181 4500
001 148733
003 ES-MaACL
005 20230906202759.0
007 t|
008 070214s1974 fr r ||||1| spa d
100 1 _aSuárez, Andrés.
_9108539
245 1 3 _aUn episodio de la revolución española
_b: el proceso contra el POUM /
_cAndrés Suárez.
260 _a[Paris] :
_bRuedo Ibérico,
_c[1974] (
_fImp. Alençonnaise)
300 _a209 p. ;
_c22 cm.
610 2 4 _aPartido Obrero de Unificación Marxista (España)
_96145
710 2 _aÉditions Ruedo ibérico.
_9145333
852 _aES-MaACL
_jL-2783
999 _c148733
_d148733